Normal view
MARC view
- URDU ADAB-ESSAYS.BIOGRAPHY-SAJAWAL KHAN RANJHA
Entry Topical Term
001 - CONTROL NUMBER
- control field: 80385
003 - CONTROL NUMBER IDENTIFIER
- control field: NUST
005 - DATE AND TIME OF LATEST TRANSACTION
- control field: 20210628210647.0
008 - FIXED-LENGTH DATA ELEMENTS
- fixed length control field: 210628|| aca||aabn | a|a d
040 ## - CATALOGING SOURCE
- Original cataloging agency: NUST
- Transcribing agency: NUST
150 ## - HEADING--TOPICAL TERM
- Topical term or geographic name entry element: URDU ADAB-ESSAYS.BIOGRAPHY-SAJAWAL KHAN RANJHA
670 ## - SOURCE DATA FOUND
- Source citation: Work cat.: (NUST): Ranja , Sajawal Khan 80384, Aghar subha talue hui, 2000
